[Event "Titled Tuesday intern op 25th Jul Late"]
[Site "Chess.com INT"]
[Date "2023.07.25"]
[Round "10"]
[White "Sainz Aguirre, Ignacio"]
[Black "Bhavikatti, Neil"]
[Result "1-0"]
[WhiteElo "1829"]
[BlackElo "2051"]
[PlyCount "97"]
[EventDate "2023.07.25"]
[EventType "swiss (blitz)"]
[EventRounds "11"]
[EventCountry "USA"]
[SourceTitle "EXT 2024"]
[Source "ChessBase"]
[SourceDate "2023.10.10"]
[SourceVersion "1"]
[SourceVersionDate "2023.10.10"]
[SourceQuality "1"]

1. e4 e5 2. Nf3 Nc6 3. Bc4 Bc5 4. 0-0 Nf6 5. d3 0-0 6. h3 d5 7. exd5 Nxd5 8. Re1 Nb6 9. Bb3 Be6 10. Bxe6 fxe6 11. Nbd2 Nd4 12. Rxe5 Nd7 13. Re4 Nf6 14. Re1 Nd5 15. c3 Nxf3+ 16. Nxf3 Qf6 17. d4 Bd6 18. c4 Nf4 19. Bxf4 Bxf4 20. Qd3 Bd6 21. c5 Bf4 22. Qe4 Rae8 23. Rad1 c6 24. b4 Qf5 25. Qxf5 exf5 26. Kf1 Kf7 27. Rxe8 Rxe8 28. Re1 Rxe1+ 29. Kxe1 Ke6 30. Ke2 Kd5 31. Kd3 Bc7 32. g3 g6 33. Ng5 h6 34. Nf3 g5 35. Ne1 a5 36. a3 axb4 37. axb4 f4 38. g4 b6 39. Nf3 bxc5 40. bxc5 Ba5 41. h4 gxh4 42. Nxh4 Be1 43. Ng2 Ke6 44. Nxe1 Kf6 45. Ng2 Kg5 46. Ke4 Kxg4 47. Nxf4 h5 48. f3+ Kg5 49. d5 1-0

[Event "Titled Tuesday intern op 21st Mar Early"]
[Site "Chess.com INT"]
[Date "2023.03.21"]
[Round "8"]
[White "Bhavikatti, Neil"]
[Black "Borgaonkar, Akshay"]
[Result "1-0"]
[WhiteElo "2051"]
[BlackElo "2020"]
[PlyCount "45"]
[EventDate "2023.03.21"]
[EventType "swiss (blitz)"]
[EventRounds "11"]
[EventCountry "USA"]
[SourceTitle "EXT 2024"]
[Source "ChessBase"]
[SourceDate "2023.10.10"]
[SourceVersion "1"]
[SourceVersionDate "2023.10.10"]
[SourceQuality "1"]

1. d4 Nf6 2. c4 g6 3. Nc3 Bg7 4. Nf3 0-0 5. Bg5 d6 6. e3 Nbd7 7. Be2 c6 8. 0-0 h6 9. Bh4 Qc7 10. Qc2 e5 11. Rfd1 Re8 12. Rac1 Qb8 13. b4 Nf8 14. c5 e4 15. Nd2 d5 16. Bg3 b5 17. Bxb8 Rxb8 18. a4 a6 19. axb5 axb5 20. Ra1 Bd7 21. Ra7 Ne6 22. Rda1 Nh7 23. Rxd7 1-0

[Event "Titled Tuesday intern op 21st Mar Late"]
[Site "Chess.com INT"]
[Date "2023.03.21"]
[Round "6"]
[White "Bhavikatti, Neil"]
[Black "Hartikainen, Jarmo"]
[Result "1-0"]
[WhiteElo "2051"]
[BlackElo "2108"]
[PlyCount "75"]
[EventDate "2023.03.21"]
[EventType "swiss (blitz)"]
[EventRounds "11"]
[EventCountry "USA"]
[SourceTitle "EXT 2024"]
[Source "ChessBase"]
[SourceDate "2023.10.10"]
[SourceVersion "1"]
[SourceVersionDate "2023.10.10"]
[SourceQuality "1"]

1. d4 Nf6 2. c4 g6 3. Nc3 d5 4. Bg5 Ne4 5. Bh4 Nxc3 6. bxc3 Bg7 7. e3 c5 8. Nf3 cxd4 9. cxd4 Qa5+ 10. Qd2 Qxd2+ 11. Nxd2 e6 12. cxd5 exd5 13. Rc1 Nc6 14. Bb5 Bd7 15. 0-0 0-0 16. Nb3 a6 17. Be2 Be6 18. Nc5 Na5 19. Nxe6 fxe6 20. Bg4 Rfe8 21. Rc7 Bf8 22. Rfc1 Bd6 23. Rd7 Nc4 24. Rxc4 dxc4 25. Rxd6 c3 26. e4 c2 27. Bg5 Rac8 28. Bc1 Rc3 29. Kf1 Rd3 30. Ke1 Kf7 31. Be2 Rc3 32. Kd2 Rcc8 33. Bd3 Re7 34. Bxc2 Rec7 35. Bb3 Rxc1 36. Bxe6+ Ke7 37. Bxc8 Kxd6 38. Kxc1 1-0

[Event "Titled Tuesday intern op 21st Mar Early"]
[Site "Chess.com INT"]
[Date "2023.03.21"]
[Round "2"]
[White "Bhavikatti, Neil"]
[Black "Ismagilov, Damir"]
[Result "0-1"]
[WhiteElo "2051"]
[BlackElo "2156"]
[PlyCount "122"]
[EventDate "2023.03.21"]
[EventType "swiss (blitz)"]
[EventRounds "11"]
[EventCountry "USA"]
[SourceTitle "EXT 2024"]
[Source "ChessBase"]
[SourceDate "2023.10.10"]
[SourceVersion "1"]
[SourceVersionDate "2023.10.10"]
[SourceQuality "1"]

1. d4 Nf6 2. c4 e6 3. Nc3 Bb4 4. Qc2 0-0 5. a3 Bxc3+ 6. Qxc3 b6 7. Bg5 h6 8. Bh4 Bb7 9. f3 d5 10. e3 Nbd7 11. Bd3 c5 12. Ne2 Rc8 13. dxc5 Nxc5 14. Rd1 Nxd3+ 15. Rxd3 Rxc4 16. Qxc4 dxc4 17. Rxd8 Rxd8 18. Nc3 g5 19. Bf2 Nd7 20. Ke2 Nc5 21. Rd1 Rxd1 22. Nxd1 Nd3 23. Bg3 Bc6 24. Bb8 a6 25. Ba7 b5 26. Bd4 e5 27. Bc3 f5 28. Nf2 e4 29. Nxd3 exd3+ 30. Kf2 Kf7 31. g3 Ke6 32. h4 gxh4 33. gxh4 h5 34. Kg3 Kd7 35. Kf4 Ke6 36. e4 fxe4 37. fxe4 Be8 38. e5 Bg6 39. Kg5 Be8 40. Kf4 Bc6 41. Kg5 Bf3 42. Kf4 Bg4 43. Kg5 Kd5 44. Kf6 Ke4 45. Bd2 Kf3 46. e6 Ke2 47. Bc3 d2 48. Bxd2 Kxd2 49. e7 Bd7 50. Kf7 Ke3 51. e8Q+ Bxe8+ 52. Kxe8 Kf4 53. Kd7 Kg4 54. Kc6 Kxh4 55. Kb6 Kg3 56. Kxa6 h4 57. Kxb5 h3 58. Kxc4 h2 59. a4 h1Q 60. b4 Qc6+ 61. Kb3 Kf4 0-1

[Event "Titled Tuesday intern op 21st Mar Early"]
[Site "Chess.com INT"]
[Date "2023.03.21"]
[Round "7"]
[White "Hernandez Bonilla, Amelia"]
[Black "Bhavikatti, Neil"]
[Result "0-1"]
[WhiteElo "1960"]
[BlackElo "2051"]
[PlyCount "56"]
[EventDate "2023.03.21"]
[EventType "swiss (blitz)"]
[EventRounds "11"]
[EventCountry "USA"]
[SourceTitle "EXT 2024"]
[Source "ChessBase"]
[SourceDate "2023.10.10"]
[SourceVersion "1"]
[SourceVersionDate "2023.10.10"]
[SourceQuality "1"]

1. d4 d5 2. Bf4 Nf6 3. e3 e6 4. Nf3 Bd6 5. Ne5 0-0 6. Bd3 c5 7. c3 Qc7 8. Bg3 Nfd7 9. f4 f5 10. Nd2 Nxe5 11. fxe5 Be7 12. 0-0 b6 13. Kh1 Ba6 14. Bxa6 Nxa6 15. Qh5 b5 16. Nf3 b4 17. Bh4 bxc3 18. bxc3 Bxh4 19. Qxh4 h6 20. Rac1 Rab8 21. Rc2 Rb6 22. g4 fxg4 23. Qxg4 Qf7 24. Rcf2 Qf5 25. Qg2 Qe4 26. Rg1 Rb7 27. Nd2 Rxf2 28. Nxe4 Rxg2 0-1

[Event "Titled Tuesday intern op 21st Mar Early"]
[Site "Chess.com INT"]
[Date "2023.03.21"]
[Round "5"]
[White "Novikova, Margarita"]
[Black "Bhavikatti, Neil"]
[Result "0-1"]
[WhiteElo "1985"]
[BlackElo "2051"]
[PlyCount "112"]
[EventDate "2023.03.21"]
[EventType "swiss (blitz)"]
[EventRounds "11"]
[EventCountry "USA"]
[SourceTitle "EXT 2024"]
[Source "ChessBase"]
[SourceDate "2023.10.10"]
[SourceVersion "1"]
[SourceVersionDate "2023.10.10"]
[SourceQuality "1"]

1. e4 e5 2. Nf3 Nc6 3. Bb5 a6 4. Ba4 Nf6 5. Nc3 b5 6. Bb3 Be7 7. d3 d6 8. h3 Na5 9. 0-0 Nxb3 10. axb3 Bb7 11. Bg5 0-0 12. Re1 c5 13. Bxf6 Bxf6 14. Nd5 Bxd5 15. exd5 a5 16. c4 e4 17. dxe4 Bxb2 18. Ra2 Be5 19. Nxe5 dxe5 20. cxb5 Qb6 21. Qd3 Rfb8 22. Rea1 Qxb5 23. Qxb5 Rxb5 24. f3 f6 25. Kf2 Kf7 26. Rc1 Ke7 27. Rca1 Kd6 28. Ra4 Rxb3 29. Rxa5 Rxa5 30. Rxa5 c4 31. Ra6+ Kc5 32. Rc6+ Kd4 33. d6 Rb2+ 34. Kg3 Rb7 35. Rc7 Rb6 36. Rxg7 Rxd6 37. Rxh7 c3 38. Rc7 Kd3 39. h4 Rd4 40. Ra7 c2 41. Ra1 Rb4 42. Rc1 Rb1 43. Rxc2 Kxc2 44. Kg4 Rh1 45. Kf5 Rxh4 46. Kxf6 Kd3 47. Kxe5 Ke3 48. g4 Kxf3 49. g5 Rxe4+ 50. Kf5 Rf4+ 51. Kg6 Kg4 52. Kh6 Kf5 53. g6 Rg4 54. g7 Kf6 55. Kh7 Rxg7+ 56. Kh8 Rg1 0-1

[Event "Titled Tuesday intern op 21st Feb Late"]
[Site "Chess.com INT"]
[Date "2023.02.21"]
[Round "9"]
[White "Bhavikatti, Neil"]
[Black "Mikhalsky, Vladimir"]
[Result "1-0"]
[WhiteElo "2051"]
[BlackElo "2269"]
[PlyCount "69"]
[EventDate "2023.02.21"]
[EventType "swiss (blitz)"]
[EventRounds "11"]
[EventCountry "USA"]
[SourceTitle "CBM 212 Extra"]
[Source "ChessBase"]
[SourceDate "2023.03.31"]
[SourceVersion "1"]
[SourceVersionDate "2023.03.31"]
[SourceQuality "1"]

1. d4 Nf6 2. c4 g6 3. Nc3 Bg7 4. e4 d6 5. Nf3 0-0 6. Be2 e5 7. dxe5 dxe5 8. Qxd8 Rxd8 9. Nd5 Nxd5 10. cxd5 c6 11. Bc4 b5 12. Bb3 Bb7 13. Bg5 Rd7 14. 0-0-0 cxd5 15. exd5 e4 16. Nd2 h6 17. Be3 f5 18. Nb1 Na6 19. d6+ Kh7 20. Be6 Rdd8 21. Nc3 b4 22. Nb5 Bc8 23. d7 Bb7 24. Nd6 Bc6 25. Nf7 b3 26. a3 Nc7 27. Nxd8 Rxd8 28. Bxb3 g5 29. Bxa7 Nb5 30. Bb6 Rxd7 31. Rxd7 Bxd7 32. Rd1 Bc8 33. Bc4 Ba6 34. a4 Nd4 35. Bxa6 1-0

[Event "Denver CC Tribute to MLK"]
[Site "Denver"]
[Date "2023.01.??"]
[Round "2"]
[White "Herman, Daniel"]
[Black "Bhavikatti, Neil"]
[Result "0-1"]
[WhiteElo "1957"]
[BlackElo "2051"]
[PlyCount "72"]
[EventDate "2023.01.14"]
[EventType "swiss"]
[EventRounds "5"]
[EventCountry "USA"]
[SourceTitle "EXT 2024"]
[Source "ChessBase"]
[SourceDate "2023.10.10"]
[SourceVersion "1"]
[SourceVersionDate "2023.10.10"]
[SourceQuality "1"]

1. d4 d5 2. c4 e6 3. Nc3 Nf6 4. Bg5 Be7 5. Nf3 h6 6. Bh4 0-0 7. e3 Nbd7 8. Bd3 dxc4 9. Bxc4 c5 10. 0-0 a6 11. Qe2 b5 12. Bd3 Bb7 13. Rfd1 Qb6 14. Bc2 Rac8 15. e4 cxd4 16. Nxd4 Ne5 17. Rac1 Rfd8 18. Nf3 Nxf3+ 19. Qxf3 b4 20. Na4 Qb5 21. Bxf6 Bxf6 22. b3 Rxd1+ 23. Qxd1 Qc6 24. Qf1 e5 25. f4 Qc7 26. Nb2 Bxe4 27. Nc4 Bxc2 28. Rxc2 exf4 29. Rd2 Rd8 30. Rxd8+ Qxd8 31. Qe1 Bc3 32. Qe4 Qd1+ 33. Kf2 Bf6 34. Qxf4 Bd4+ 35. Kg3 Qe1+ 36. Kh3 Qe6+ 0-1

[Event "Denver op"]
[Site "Denver"]
[Date "2019.04.27"]
[Round "2"]
[White "Bhavikatti, Neil"]
[Black "Herman, Sara"]
[Result "0-1"]
[WhiteElo "1930"]
[BlackElo "1854"]
[PlyCount "72"]
[EventDate "2019.04.26"]
[EventType "swiss"]
[EventRounds "5"]
[EventCountry "USA"]
[SourceTitle "CBM 190 Extra"]
[Source "ChessBase"]
[SourceDate "2019.07.15"]
[SourceVersion "1"]
[SourceVersionDate "2019.07.15"]
[SourceQuality "1"]

1. e4 c5 2. Nf3 g6 3. d4 cxd4 4. Nxd4 Nc6 5. c4 Nf6 6. Nc3 d6 7. Be2 Nxd4 8. Qxd4 Bg7 9. Be3 0-0 10. Qd2 a5 11. 0-0 a4 12. f3 Qa5 13. Rab1 Be6 14. Rfc1 Rfc8 15. b4 axb3 16. axb3 Qb4 17. Rc2 Bd7 18. Na4 Rxa4 19. bxa4 Qxb1+ 20. Rc1 Qb3 21. a5 Qa4 22. Rb1 Qc6 23. Bb6 Be6 24. c5 dxc5 25. Qc2 Qd6 26. Rd1 Qf4 27. a6 Qe3+ 28. Kh1 bxa6 29. Rd3 Qf2 30. Rd1 Nh5 31. Ba5 Nf4 32. Bd3 Nh3 33. Rf1 Qe3 34. gxh3 Bxh3 35. Bd2 Qd4 36. Rd1 Qf2 0-1